| 000 | 01678cas a2200433Ia 4500 | ||
|---|---|---|---|
| 001 | 9780203780572 | ||
| 003 | BD-DhSAU | ||
| 005 | 20151012151722.0 | ||
| 006 | a|||||s||||||||||| | ||
| 007 | cr|||| | ||
| 008 | 130118d19712008njuar s b 0 a0eng d | ||
| 010 | _a 70147017 | ||
| 020 | _a9780203780572 (e-book : PDF) | ||
| 022 | 0 |
_a0065-2008 _l0065-2008 _21 |
|
| 037 | _bAnalytic Press, Inc., 101 West Street, Hilsdale, NJ 07642 | ||
| 040 |
_aBD-DhSAU _cBD-DhSAU |
||
| 090 |
_aRJ499.A1 _bA29 |
||
| 092 |
_a618.9289 _bA239 |
||
| 210 | 0 | _aAdolesc. psych. | |
| 222 | 0 | _aAdolescent psychiatry | |
| 245 | 0 | 0 |
_aAdolescent psychiatry _h[electronic resource] : _bdevelopmental and clinical studies. |
| 260 |
_aHillsdale, N.J. [etc.] : _bAnalytic Press [etc.] |
||
| 300 |
_a v. : _bill. ; _c24-25 cm. |
||
| 310 | _aAnnual | ||
| 362 | 0 | _av. 1- 1971- | |
| 362 | 1 | _aCeased with vol. 30. | |
| 490 | 1 | _aAnnals of the American Society for Adolescent Psychiatry | |
| 504 | _aIncludes bibliographical references and indexes. | ||
| 515 | _aNone published some years. | ||
| 588 | _aLatest issue consulted: Vol. 30. | ||
| 530 | _aAlso available in print edition. | ||
| 533 |
_aElectronic reproduction. _b[London, Eng. : _bTaylor and Francis, _d2012]. _nPDF file created from digital scan of print book. |
||
| 650 | 0 | _aAdolescent psychiatry. | |
| 655 | 7 |
_aElectronic books. _2lcsh |
|
| 776 | 0 | 8 |
_iOnline version: _tAdolescent psychiatry _w(OCoLC)565226473 |
| 776 | 1 |
_z9780881633948 (v. 28) _z0881633941 (v. 28) _z0226240649 |
|
| 830 | 0 | _aAnnals of the American Society for Adolescent Psychiatry. | |
| 856 | 4 | 0 | _uhttp://www.tandfebooks.com/isbn/9780203780572 |
| 999 |
_c12922 _d12921 |
||